LEADER 01115nam a2200277 i 4500 001 991002187449707536 005 20020507161114.0 008 000414s1992 it ita 020 $a8814032173 035 $ab11621242-39ule_inst 035 $aLE02731967$9ExL 040 $aDip.to Studi Giuridici$bita 082 0 $a344.45041 245 13$aLe prestazioni di fatto nel rapporto di lavoro con le U.S.L. :$batti del Convegno di Catania, 19-20 ottobre 1990 260 $aMilano :$bA. Giuffrè,$c1992 300 $a200 p. ;$c24 cm. 490 0 $aCentro nazionale studi di diritto del lavoro Domenico Napoletano ;$v19 500 $aSegue: Appendice 650 4$aUnità sanitarie locali$xRapporti di lavoro 710 2 $aConvegno di studi$d<1990 ;$cCatania> 907 $a.b11621242$b01-03-17$c02-07-02 912 $a991002187449707536 945 $aLE027 344.04 CNS01.01$g1$i2027000268351$lle027$o-$pE0.00$q-$rl$s- $t0$u0$v0$w0$x0$y.i11838334$z02-07-02 996 $aPrestazioni di fatto nel rapporto di lavoro con le U.S.L$9687581 997 $aUNISALENTO 998 $ale027$b01-01-00$cm$da $e-$fita$git $h3$i1